<?xml version="1.0" encoding="UTF-8"?>
<record
    xmlns:xsi="http://www.w3.org/2001/XMLSchema-instance"
    xsi:schemaLocation="http://www.loc.gov/MARC21/slim http://www.loc.gov/standards/marcxml/schema/MARC21slim.xsd"
    xmlns="http://www.loc.gov/MARC21/slim">

  <leader>00324nam a2200133Ia 4500</leader>
  <controlfield tag="008">191201s2010    xx            000 0 und d</controlfield>
  <datafield tag="100" ind1=" " ind2=" ">
    <subfield code="a">SHARMA, Robin</subfield>
  </datafield>
  <datafield tag="245" ind1=" " ind2="0">
    <subfield code="a">Who Will Cry When You Die?</subfield>
  </datafield>
  <datafield tag="250" ind1=" " ind2=" ">
    <subfield code="a">56th IMP</subfield>
  </datafield>
  <datafield tag="260" ind1=" " ind2=" ">
    <subfield code="a">N. Delhi</subfield>
    <subfield code="b">Jaico Publication House</subfield>
    <subfield code="c">2010</subfield>
  </datafield>
  <datafield tag="300" ind1=" " ind2=" ">
    <subfield code="a">225</subfield>
  </datafield>
  <datafield tag="650" ind1=" " ind2=" ">
    <subfield code="a">BBA</subfield>
  </datafield>
  <datafield tag="942" ind1=" " ind2=" ">
    <subfield code="2">ddc</subfield>
    <subfield code="c">BK</subfield>
  </datafield>
  <datafield tag="999" ind1=" " ind2=" ">
    <subfield code="c">4473</subfield>
    <subfield code="d">4473</subfield>
  </datafield>
  <datafield tag="952" ind1=" " ind2=" ">
    <subfield code="0">0</subfield>
    <subfield code="1">0</subfield>
    <subfield code="2">ddc</subfield>
    <subfield code="4">0</subfield>
    <subfield code="7">0</subfield>
    <subfield code="8">GENERAL</subfield>
    <subfield code="a">PIET</subfield>
    <subfield code="b">PIET</subfield>
    <subfield code="d">2010-04-26</subfield>
    <subfield code="e">J B C, New Delhi</subfield>
    <subfield code="g">175.00</subfield>
    <subfield code="k">SI-4915</subfield>
    <subfield code="l">4</subfield>
    <subfield code="o">158.1 SHW</subfield>
    <subfield code="p">15151</subfield>
    <subfield code="r">2026-04-22 15:54:39</subfield>
    <subfield code="s">2026-04-13</subfield>
    <subfield code="w">2010-03-11</subfield>
    <subfield code="y">BK</subfield>
    <subfield code="z">Stories and Novels</subfield>
  </datafield>
  <datafield tag="952" ind1=" " ind2=" ">
    <subfield code="0">0</subfield>
    <subfield code="1">0</subfield>
    <subfield code="2">ddc</subfield>
    <subfield code="4">0</subfield>
    <subfield code="7">0</subfield>
    <subfield code="8">GENERAL</subfield>
    <subfield code="a">PIET</subfield>
    <subfield code="b">PIET</subfield>
    <subfield code="d">2010-04-26</subfield>
    <subfield code="e">J B C, New Delhi</subfield>
    <subfield code="g">175.00</subfield>
    <subfield code="k">SI-4915</subfield>
    <subfield code="l">6</subfield>
    <subfield code="o">158.1 SHW</subfield>
    <subfield code="p">15152</subfield>
    <subfield code="r">2024-09-12 00:00:00</subfield>
    <subfield code="s">2024-08-29</subfield>
    <subfield code="w">2010-03-11</subfield>
    <subfield code="y">BK</subfield>
    <subfield code="z">Stories and Novels</subfield>
  </datafield>
  <datafield tag="952" ind1=" " ind2=" ">
    <subfield code="0">0</subfield>
    <subfield code="1">0</subfield>
    <subfield code="2">ddc</subfield>
    <subfield code="4">0</subfield>
    <subfield code="7">0</subfield>
    <subfield code="8">GENERAL</subfield>
    <subfield code="a">PIET</subfield>
    <subfield code="b">PIET</subfield>
    <subfield code="d">2010-04-26</subfield>
    <subfield code="e">J B C, New Delhi</subfield>
    <subfield code="g">175.00</subfield>
    <subfield code="k">SI-4915</subfield>
    <subfield code="l">8</subfield>
    <subfield code="o">158.1 SHW</subfield>
    <subfield code="p">15153</subfield>
    <subfield code="r">2023-09-28 00:00:00</subfield>
    <subfield code="s">2023-09-14</subfield>
    <subfield code="w">2010-03-11</subfield>
    <subfield code="y">BK</subfield>
    <subfield code="z">Stories and Novels</subfield>
  </datafield>
  <datafield tag="952" ind1=" " ind2=" ">
    <subfield code="0">0</subfield>
    <subfield code="1">0</subfield>
    <subfield code="2">ddc</subfield>
    <subfield code="4">0</subfield>
    <subfield code="7">0</subfield>
    <subfield code="8">GENERAL</subfield>
    <subfield code="a">PIET</subfield>
    <subfield code="b">PIET</subfield>
    <subfield code="d">2010-04-26</subfield>
    <subfield code="e">J B C, New Delhi</subfield>
    <subfield code="g">175.00</subfield>
    <subfield code="k">SI-4915</subfield>
    <subfield code="l">0</subfield>
    <subfield code="o">158.1 SHW</subfield>
    <subfield code="p">15154</subfield>
    <subfield code="q">2019-01-28</subfield>
    <subfield code="r">2019-12-04 00:00:00</subfield>
    <subfield code="w">2010-03-11</subfield>
    <subfield code="y">BK</subfield>
  </datafield>
  <datafield tag="952" ind1=" " ind2=" ">
    <subfield code="0">0</subfield>
    <subfield code="1">0</subfield>
    <subfield code="2">ddc</subfield>
    <subfield code="4">0</subfield>
    <subfield code="7">0</subfield>
    <subfield code="8">GENERAL</subfield>
    <subfield code="a">PIET</subfield>
    <subfield code="b">PIET</subfield>
    <subfield code="d">2010-04-26</subfield>
    <subfield code="e">J B C, New Delhi</subfield>
    <subfield code="g">175.00</subfield>
    <subfield code="k">SI-4915</subfield>
    <subfield code="l">4</subfield>
    <subfield code="o">158.1 SHW</subfield>
    <subfield code="p">15155</subfield>
    <subfield code="r">2024-09-11 00:00:00</subfield>
    <subfield code="s">2024-08-29</subfield>
    <subfield code="w">2010-03-11</subfield>
    <subfield code="y">BK</subfield>
    <subfield code="z">Stories and Novels</subfield>
  </datafield>
  <datafield tag="952" ind1=" " ind2=" ">
    <subfield code="0">0</subfield>
    <subfield code="1">0</subfield>
    <subfield code="2">ddc</subfield>
    <subfield code="4">0</subfield>
    <subfield code="7">0</subfield>
    <subfield code="8">GENERAL</subfield>
    <subfield code="a">PIET</subfield>
    <subfield code="b">PIET</subfield>
    <subfield code="d">2010-04-26</subfield>
    <subfield code="e">J B C, New Delhi</subfield>
    <subfield code="g">175.00</subfield>
    <subfield code="k">SI-4915</subfield>
    <subfield code="l">5</subfield>
    <subfield code="o">158.1 SHW</subfield>
    <subfield code="p">15156</subfield>
    <subfield code="r">2024-11-18 00:00:00</subfield>
    <subfield code="s">2024-11-05</subfield>
    <subfield code="w">2010-03-11</subfield>
    <subfield code="y">BK</subfield>
    <subfield code="z">Motivational</subfield>
  </datafield>
</record>
